Statistics for Communities in Spain by Capital in 3 mins

Click here to take the quiz!

General Stats

  • This quiz has been taken 8 times
  • The average score is 11 of 19

Answer Stats

Answer% Correct
ZaragozaAragón
100%
MelillaMelilla
86%
BarcelonaCatalonia
86%
CeutaCeuta
86%
PamplonaNavarra
71%
SevillaAndalucia
71%
OviedoAsturias
71%
ToledoCastilla La Mancha
57%
ValladolidCastilla y León
57%
SantanderCantabria
57%
Santa CruzCanarias
57%
Santiago de CompostelaGalicia
57%
LogroñoLa Rioja
57%
MéridaExtremadura
43%
PalmaBaleares
43%
Vitoria-GasteizEuskadi
43%
MadridCommunity Of Madrid
29%
ValenciaCommunity of Valencia
29%
MurciaRegión of Murcia
14%

Score Distribution

Percentile by Number Answered

Percent of People with Each Score

Your Score History

You have not taken this quiz